Iso 9000, Qs 9000, Iso 14000 Normas internacionales de administración de calidad, sistemas de calidad y sistemas ambientales (Registro nro. 12637)

Detalles MARC
000 -LEADER
campo de control de longitud fija 01644nam a2200229Ia 4500
003 - IDENTIFICADOR DE NÚMERO DE CONTROL
campo de control OSt
005 - FECHA Y HORA DE LA ÚLTIMA TRANSACCIÓN
campo de control 20240910090155.0
008 - DATOS DE LONGITUD FIJA--INFORMACIÓN GENERAL
campo de control de longitud fija 220201t1998||||xx |||||||||||||| ||und||
020 ## - NÚMERO INTERNACIONAL ESTÁNDAR DEL LIBRO
Número Internacional Estándar del Libro 970-10-1905-9
040 ## - FUENTE DE CATALOGACIÓN
Centro catalogador/agencia de origen BoOrUTOFe
Lengua de catalogación Es
Centro/agencia transcriptor BCE
044 ## - CÓDIGO DEL PAÍS DE LA ENTIDAD EDITORA/PRODUCTORA
Código MARC del país MX
082 ## - NÚMERO DE LA CLASIFICACIÓN DECIMAL DEWEY
Número de clasificación 658
Número de ítem G71i
100 ## - ENTRADA PRINCIPAL--NOMBRE DE PERSONA
Nombre de persona González, González Carlos
245 #0 - MENCIÓN DEL TÍTULO
Título Iso 9000, Qs 9000, Iso 14000 Normas internacionales de administración de calidad, sistemas de calidad y sistemas ambientales
260 ## - PUBLICACIÓN, DISTRIBUCIÓN, ETC.
Lugar de publicación, distribución, etc. México:
Nombre del editor, distribuidor, etc. McGraw-Hil,
Fecha de publicación, distribución, etc. 1998
300 ## - DESCRIPCIÓN FÍSICA
Extensión p.
Otras características físicas ilus.
Dimensiones 22 cm
500 ## - NOTA GENERAL
Nota general Incluye Anexos. Incluye Glosario Ambiental. Incluye Índice
520 ## - RESUMEN, ETC.
Sumario, etc. Bosquejo histórico, estructura de ISO y consejos de acreditamiento, la familia de normas Iso 9000, una verdadera guía la norma internacional Iso 9000-1, guía para la aplicación de Iso 9001, Iso 9002 e Iso 9003, norma de aplicación de un programa de administración de la dependibilidad, norma internacional Iso 9002-94 sistemas de calidad-modelo para aseguramiento de la calidad en producción, sistemas de calidad modelo para aseguramiento de la calidad en inspección final y prueba, norma internacional Iso 9004-1-1994 administración de calidad y elementos de siatemas de calidad-lineamientos, norma internacional Iso 9004-4 administraciónde calidad y elementos de sistema de calidad parte 4: lineamientos para el mejoramiento de la calidad, norma internacional Iso 10012-1-1991, dimensiones y tolerancias geométricas, análisis de modo y efecto de falla (AMEF),normas Iso 1400 sistemas de administración ambiental
650 ## - PUNTO DE ACCESO ADICIONAL DE MATERIA--TÉRMINO DE MATERIA
Término de materia o nombre geográfico como elemento de entrada ADMINISTRACION - CALIDAD
655 ## - TERMINO DE INDIZACIÓN--GENERO/FORMA
Datos o término principal de género/forma Libros de Texto
942 ## - ELEMENTOS DE ENTRADA SECUNDARIOS (KOHA)
Tipo de ítem Koha Libros
Fuente del sistema de clasificación o colocación Clasificación Decimal Dewey
Existencias
Estatus retirado Estado de pérdida Fuente del sistema de clasificación o colocación Estado de daño No para préstamo Biblioteca de origen Biblioteca actual Ubicación en estantería Fecha de adquisición Número de inventario Signatura topográfica completa Código de barras Visto por última vez Copia número Precio de reemplazo Tipo de ítem Koha
No dañado Disponible Clasificación Decimal Dewey No Dañado Disponible Biblioteca Campus Economía Biblioteca Campus Economía Fondo General 04/02/2022 1356 658 /G71i BCAMP.1356 28/04/2025 Ej. 1 04/02/2022 Libros

Biblioteca Central
Dirección: Calle Cochabamba entre 6 de Octubre y Potosí s/n
Teléfono: (591-2)5281707 - 2-52-38450
Contacto: biblioteca.central@gmail.com